[Event "Pan American-ch U18"]
[Site "Guayaquil"]
[Date "2019.07.27"]
[Round "9"]
[White "Ferreira Araujo, Miguel Antonio"]
[Black "Alba, Nicolas"]
[Result "0-1"]
[WhiteElo "1339"]
[BlackElo "1972"]
[PlyCount "64"]
[EventDate "2019.07.21"]
[EventType "swiss"]
[EventRounds "9"]
[EventCountry "ECU"]
[SourceTitle "EXT 2020"]
[Source "ChessBase"]
[SourceDate "2019.10.17"]
[SourceVersion "1"]
[SourceVersionDate "2019.10.17"]
[SourceQuality "1"]

1. c4 Nf6 2. g3 g6 3. Bg2 Bg7 4. Nc3 0-0 5. Nf3 c6 6. 0-0 d6 7. d3 Qa5 8. h3 Nbd7 9. Qa4 Qc7 10. Be3 e5 11. b4 Nh5 12. Rac1 Kh8 13. b5 c5 14. Nd5 Qd8 15. Nd2 f5 16. Nf3 f4 17. gxf4 Nxf4 18. Bxf4 exf4 19. Qc2 Ne5 20. Rce1 g5 21. Nxe5 Bxe5 22. f3 Be6 23. Nc3 Qd7 24. Kh2 g4 25. hxg4 Bxg4 26. Rh1 Bf5 27. Ne4 Bd4 28. Qd2 Bxe4 29. fxe4 Qg7 30. e3 Qg3+ 31. Kg1 fxe3 32. Rxe3 Rf3 0-1